MARC details
| 000 -CABECERA |
| campo de control de longitud fija |
03194nam a2200337 4500 |
| 003 - IDENTIFICADOR DEL NÚMERO DE CONTROL |
| campo de control |
EC-UNACH |
| 005 - FECHA Y HORA DE LA ÚLTIMA TRANSACCIÓN |
| campo de control |
20260331155431.0 |
| 006 - CÓDIGOS DE INFORMACIÓN DE LONGITUD FIJA--CARACTERÍSTICAS DEL MATERIAL ADICIONAL |
| campo de control de longitud fija |
s||||gr|||| 00| 00 |
| 008 - DATOS DE LONGITUD FIJA--INFORMACIÓN GENERAL |
| campo de control de longitud fija |
150116t9999 mx r gr 000 0 spa d |
| 020 ## - NÚMERO INTERNACIONAL ESTÁNDAR DEL LIBRO |
| Número Internacional Estándar del Libro |
978-9942-661-91-3 |
| 040 ## - FUENTE DE LA CATALOGACIÓN |
| Centro catalogador/agencia de origen |
EC-UNACH |
| Centro/agencia transcriptor |
EC-UNACH |
| 041 ## - CÓDIGO DE LENGUA |
| Código de lengua del texto/banda sonora o título independiente |
spa |
| 082 04 - NÚMERO DE LA CLASIFICACIÓN DECIMAL DEWEY |
| Número de edición |
23 |
| Número de clasificación |
302.2 |
| Número de documento/Ítem |
L018612 |
| 100 ## - ENTRADA PRINCIPAL--NOMBRE DE PERSONA |
| Nombre de persona |
Alarcón Copo, Camila Belén / Imbaquingo Choro, Roger Ricardo / Berrones Guevara, Adriana Nicole / Medina Parra Tanya Aracely / Erazo Rodríguez, Miriam Elizabeth / Bailón Sarango, Camila Belén / |
| 245 ## - MENCIÓN DE TÍTULO |
| Título |
Redes sociales |
| Resto del título |
Transformando la comunicación digital |
| 250 ## - MENCIÓN DE EDICIÓN |
| Mención de edición |
Primera edición |
| 264 ## - Producción, publicación, distribución, fabricación y copyright |
| Lugar de producción, publicación, distribución, fabricación |
Riobamba - Ecuador |
| Nombre del de productor, editor, distribuidor, fabricante |
Universidad Nacional de Chimborazo |
| Fecha de de producción, publicación, distribución, fabricación o copyright |
2025 |
| 264 ## - Producción, publicación, distribución, fabricación y copyright |
| Lugar de producción, publicación, distribución, fabricación |
Producción UNACH |
| 300 ## - DESCRIPCIÓN FÍSICA |
| Extensión |
240 páginas |
| 501 ## - NOTA DE "CON" |
| Nota de “Con” |
El libro Redes Sociales: Transformando la Comunicación Digital revisa los aspectos más relevantes que rodean a las redes sociales y su relación con la comunicación tanto personal como profesional.<br/><br/>Desde su aparición, las redes sociales han transfigurado y propagado su dominio, cambiando las formas en que nos relacionamos y concebimos el mundo.<br/><br/>Este texto ofrece a los lectores una perspectiva integral y minuciosa de cómo las redes sociales han avanzado e influido en diferentes ámbitos, y cómo pueden utilizarse de modo seguro en los ecosistemas digitales actuales.<br/><br/>Los cinco capítulos que describe este libro reflexionan sobre el inicio de las redes sociales, estudian cuáles fueron las primeras plataformas que dieron origen a las actuales y cómo se aplican profesionalmente estrategias efectivas. La metodología utilizada es una revisión bibliográfica cerca del recorrido histórico que han tenido las redes sociales, evaluando, además, las tecnologías emergentes y su impacto en los diferentes sectores.<br/><br/>A lo largo del texto se evidencian perspectivas interesantes, donde las redes sociales juegan un papel disruptivo, no solo en las nuevas lógicas de comunicación, sino en el rediseño de aspectos importantes para el marketing, la publicidad y las relaciones públicas. El libro examina un innúmero de técnicas interesantes de personalización de contenido, análisis de audiencias y gestión de crisis, resaltando la importancia de la comunicación estratégica para que la táctica utilizada sea acorde con el uso de estas potentes herramientas. |
| 505 ## - NOTA DE CONTENIDO CON FORMATO |
| Nota de contenido con formato |
Capítulo 1: Historia y evolución de las redes sociales -- Capítulo 2: Estrategias de comunicación en redes sociales -- Capítulo 3: Influencia de los influencers y el marketing digital -- Capítulo4: Análisis de audiencias y personalización de contenidos -- Capítulo 5: Gestión de crisis y reputación en redes sociales. |
| 650 ## - PUNTO DE ACCESO ADICIONAL DE MATERIA--TÉRMINO DE MATERIA |
| Término de materia o nombre geográfico como elemento inicial |
TÉCNICAS DE MARKETING |
| 650 ## - PUNTO DE ACCESO ADICIONAL DE MATERIA--TÉRMINO DE MATERIA |
| Término de materia o nombre geográfico como elemento inicial |
COMUNICACIÓN DIGITAL |
| 650 ## - PUNTO DE ACCESO ADICIONAL DE MATERIA--TÉRMINO DE MATERIA |
| Término de materia o nombre geográfico como elemento inicial |
SEGMENTACIÓN DE AUDIENCIA |
| 650 ## - PUNTO DE ACCESO ADICIONAL DE MATERIA--TÉRMINO DE MATERIA |
| Término de materia o nombre geográfico como elemento inicial |
MARKETING DE INFLUENCERS |
| 856 ## - LOCALIZACIÓN Y ACCESO ELECTRÓNICOS |
| Identificador Uniforme del Recurso |
<a href="https://editorial.unach.edu.ec/index.php/Editorial/catalog/book/269">https://editorial.unach.edu.ec/index.php/Editorial/catalog/book/269</a> |
| Texto de enlace |
Libro Digital - Redes sociales: Transformando la comunicación digital |
| 942 ## - ELEMENTOS DE PUNTO DE ACCESO ADICIONAL (KOHA) |
| Fuente del sistema de clasificación o colocación |
Clasificación Decimal Dewey |
| Tipo de ítem Koha |
Libro electrónico |
| 999 ## - NÚMEROS DE CONTROL DE SISTEMA (KOHA) |
| Koha biblionumber |
14469 |